书目信息 |
| 题名: |
公民治理
|
|
| 作者: | 博克斯 著 ;孙柏瑛 译 | |
| 分册: | ||
| 出版信息: | 北京 中国人民大学出版社 2005 |
|
| 页数: | 14,170页 | |
| 开本: | 23cm | |
| 丛书名: | 公共行政与公共管理经典译丛. 政府治理与改革系列 | |
| 单 册: | ||
| 中图分类: | D771.283 , D771.224 | |
| 科图分类: | ||
| 主题词: | 社区 , 社区--管理--研究--美国 | |
| 电子资源: | ||
| ISBN: | 7-300-06911-8 | |
| 000 | 01613nam0 2200337 450 | |
| 000 | 01609nam0 2200325 450 | |
| 000 | 01538nam0 2200301 450 | |
| 000 | 01502oam2 2200289 45 | |
| 005 | 20070724084115.89 | |
| 010 | @a7-300-06911-8@dCNY19.00 | |
| 100 | @a20070719d2005 em y0chiy0120 ea | |
| 101 | 1 | @achi@ceng |
| 102 | @aCN@b110000 | |
| 105 | @ay z 000yy | |
| 200 | 1 | @a公民治理@AGong Min Zhi Li@e引领21世纪的美国社区@EYin Ling 21 Shi Ji De Mei Guo She Qu@dCitizen governance : leading American communities into the 21st century@f(美)理查德·C. 博克斯(Richard C. Box)著@F( Mei ) Li Cha De· C. Bo Ke Si (Richard C. Box) Zhu@g孙柏瑛等译@zeng |
| 210 | @a北京@c中国人民大学出版社@d2005 | |
| 215 | @a14,170页@d23cm | |
| 225 | 2 | @a公共行政与公共管理经典译丛. 政府治理与改革系列 |
| 300 | @a“十五”国家重点图书出版规划项目 | |
| 330 | @a本书围绕社区公民治理这一议题,对公民治理的发展历程作了回顾,并概括了其价值基础、实践原则和不同类型政策导向等环境因素,阐释了公民治理中的公民、代议者和公共服务职业者这三个关键角色的功能、地位及其相互关系,最后给出了地方公民治理的制度创设实施步骤。 | |
| 410 | 0 | @12001 @a公共行政与公共管理经典译丛. 政府治理与改革系列 |
| 510 | 1 | @aCitizen governance : leading American communities into the 21st century@zeng |
| 517 | 1 | @a引领21世纪的美国社区@AYin Ling 21 Shi Ji De Mei Guo She Qu |
| 606 | 0 | @a社区 |
| 606 | 0 | @a社区@x管理@x研究@y美国 |
| 690 | @aD771.283@v4 | |
| 690 | @aD771.224@v3 | |
| 701 | 1 | @c(美)@a博克斯@ABo Ke Si@g(Box, Richard C.)@4著 |
| 702 | 0 | @a孙柏瑛@ASun Bai Ying@4译 |
| 801 | 0 | @aCN@bTAOJIN@c20070724 |
| 905 | @a10447@dD771.224@e333 | |
| 公民治理:引领21世纪的美国社区=Citizen governance : leading American communities into the 21st century/(美)理查德·C. 博克斯(Richard C. Box)著/孙柏瑛等译.-北京:中国人民大学出版社,2005 |
| 14,170页;23cm.-(公共行政与公共管理经典译丛. 政府治理与改革系列) |
| “十五”国家重点图书出版规划项目 |
| ISBN 7-300-06911-8:CNY19.00 |
| 本书围绕社区公民治理这一议题,对公民治理的发展历程作了回顾,并概括了其价值基础、实践原则和不同类型政策导向等环境因素,阐释了公民治理中的公民、代议者和公共服务职业者这三个关键角色的功能、地位及其相互关系,最后给出了地方公民治理的制度创设实施步骤。 |
| ● |
| 相关链接 |
|
|
|
|
正题名:公民治理
索取号:D771.224/333
 
预约/预借
| 序号 | 登录号 | 条形码 | 馆藏地/架位号 | 状态 | 备注 |
| 1 | 0823876 | 208238762 | 第一样本阅览室/ [索取号:D771.224/333] | 在馆 | |
| 2 | 0823877 | 208238771 | 第一借阅区/ [索取号:D771.224/333] | 在馆 | |
| 3 | 0823878 | 208238780 | 第一借阅区/ [索取号:D771.224/333] | 在馆 | |
| 4 | 0823879 | 208238799 | 第一借阅区/ [索取号:D771.224/333] | 在馆 | |
| 5 | 0823880 | 208238806 | 第一借阅区/ [索取号:D771.224/333] | 在馆 | |
| 6 | 0823881 | 208238815 | 第一借阅区/ [索取号:D771.224/333] | 在馆 | |
| 7 | 0823882 | 208238824 | 第一借阅区/ [索取号:D771.224/333] | 在馆 | |
| 8 | 0823883 | 208238833 | 第一借阅区/ [索取号:D771.224/333] | 在馆 |